| 000 | 01115cam a2200277 i 4500 | ||
|---|---|---|---|
| 003 | SA-RiAUC | ||
| 005 | 20250712120634.0 | ||
| 008 | 250710s1990 jo g 000r0 ara c | ||
| 040 |
_aSA-RiAUC _bara _cSA-RiAUC _erda |
||
| 082 | 0 | 4 |
_a251.15 _qSA-RiAUC |
| 090 |
_a251.15 _bع ب ا |
||
| 100 | 1 |
_aالعباسي، محمد عيد، _d1938- _eمؤلف. |
|
| 245 | 1 | 0 |
_aحقيقة التعيين لمذهب الأئمة الأربعة المجتهدين / _cتأليف محمد عيد عباسي. |
| 250 | _aالطبعة الأولى. | ||
| 264 | 1 |
_aعمان، الأردن : _bالمكتبة الإسلامية، _c1990 |
|
| 300 |
_a108 صفحة ؛ _c20 سم. |
||
| 336 |
_aنص _btxt _2rdacontent _3كتاب |
||
| 337 |
_aبدون وسيط _bn _2rdamedia |
||
| 338 |
_aمجلد _bnc _2rdacarrier |
||
| 490 | 0 |
_aدراسات في الاجتهاد والتقليد ؛ _v1 |
|
| 650 | 7 |
_aالاجتهاد (أصول فقه) _2aucsh |
|
| 650 | 7 |
_aالأحكام الشرعية _2aucsh |
|
| 650 | 7 |
_aالفقه الإسلامي _xمذاهب _2aucsh |
|
| 942 |
_2ddc _cBOOK _n0 |
||
| 949 |
_aSA-JeALM _d250710 _umohamedma123 _n1 |
||
| 999 |
_c9786 _d9786 |
||